<?xml version="1.0" encoding="UTF-8"?>
<collection xmlns:xsi="http://www.w3.org/2001/XMLSchema-instance" xsi:schemaLocation="http://www.loc.gov/MARC21/slim http://www.loc.gov/standards/marcxml/schema/MARC21slim.xsd" xmlns="http://www.loc.gov/MARC21/slim">
 <record>
  <leader>00000caa a22000004a 4500</leader>
  <controlfield tag="001">UP-8027390931312519030</controlfield>
  <controlfield tag="003">Buklod</controlfield>
  <controlfield tag="005">20200327131223.0</controlfield>
  <controlfield tag="006">o--- |     ||   ||</controlfield>
  <controlfield tag="007">ta</controlfield>
  <controlfield tag="008">200327s        xx     d     r    |||| u|</controlfield>
  <datafield tag="035" ind1=" " ind2=" ">
   <subfield code="a">(iLib)UPCEB-00011919456</subfield>
  </datafield>
  <datafield tag="040" ind1=" " ind2=" ">
   <subfield code="a">DML</subfield>
  </datafield>
  <datafield tag="245" ind1="0" ind2="0">
   <subfield code="a">The coherence effect</subfield>
   <subfield code="b">blending cold and hot cognitions.  [article].</subfield>
  </datafield>
  <datafield tag="300" ind1=" " ind2=" ">
   <subfield code="a">pp. 369-394</subfield>
  </datafield>
  <datafield tag="520" ind1=" " ind2=" ">
   <subfield code="a">Previous research has shown that making complex judgments and decisions entails a mental reconstruction of the task in a way that increases the state of coherence between the emerging conclusion and its underlying attributes: The attributes that support the conclusion grow stronger, whereas the attributes that support the losing option weaken. This coherence effect is understood to occur bidirectionally, in that conclusions follow from the decision-maker?s evaluation of the attributes, while the evaluations of the attributes shift to cohere with the emerging conclusion. The current studies were designed to extend the coherence effect to encompass cognitions that could be considered ?hot,? such as valence evaluations, motivation toward outcomes of events, liking and disliking of actors, and emotions toward actors. Study 1 found that evaluations of a complex social relationship were accompanied not only by supportive interpretations of the ambiguous facts, but also by concordant hot cognitions. Studies 2 through 4 included manipulations to demonstrate the spreading of coherence from cold to hot cognitions and in the opposite direction. We observed these effects following a manipulation of the facts (Study 2), a manipulation of participants? emotions toward the actor (Study 3), and a manipulation of participants? motivation toward the outcome of the case (Study 4). These results support the proposition that complex judgments and decisions are performed by coherence-based reasoning: a holistic, connectionist process that maximizes coherence among and between the myriad of factors involved in the tasks and the hot cognitive reactions to them. (PsycINFO Database Record (c) 2016 APA, all rights reserved). -- (from the authors)</subfield>
  </datafield>
  <datafield tag="650" ind1=" " ind2="0">
   <subfield code="a">Cold and hot cognitions-Periodicals.</subfield>
  </datafield>
  <datafield tag="650" ind1="1" ind2="7">
   <subfield code="a">Cognitive consistency theories-Periodicals.</subfield>
  </datafield>
  <datafield tag="650" ind1="1" ind2="7">
   <subfield code="a">Coherence effect-Periodicals.</subfield>
  </datafield>
  <datafield tag="650" ind1="1" ind2="7">
   <subfield code="a">Coherence-based reasoning-Periodicals.</subfield>
  </datafield>
  <datafield tag="650" ind1="1" ind2="7">
   <subfield code="a">Hot cognitions-Periodicals.</subfield>
  </datafield>
  <datafield tag="700" ind1="1" ind2=" ">
   <subfield code="a">Simon, Dan.</subfield>
  </datafield>
  <datafield tag="700" ind1="1" ind2=" ">
   <subfield code="a">Stenstrom, Douglas M.</subfield>
  </datafield>
  <datafield tag="700" ind1="1" ind2=" ">
   <subfield code="a">Read, Stephen J.</subfield>
  </datafield>
  <datafield tag="773" ind1="0" ind2=" ">
   <subfield code="a">Journal of Personality and Social Psychology.</subfield>
   <subfield code="g">vol. 109, 3.  (2015).</subfield>
  </datafield>
  <datafield tag="942" ind1=" " ind2=" ">
   <subfield code="a">Analytics</subfield>
  </datafield>
 </record>
</collection>
